01280cam a2200229 a 450000100100000000500170001000800410002704000300006808200190009810000450011724501280016226000940029030000270038449000240041149000300043550400420046550504360050765000170094365000250096065000120098583000530099700000577920240514073716.0830126s1965 uy b f001 0 spa  aDO-SdBNPcDLCdDLCdOCoLC a199.895bV393e1 aVázquez y Vega, Prudencio,d1853-1883.10aEscritos filosóficos /cPrudencio Vázquez y vega ; selección de Arturo Ardao ; prólogo de Sergio Pittaluga Stewart. aMontevideo, Uruguay :bMinisterio de Instrucción Pública y Previsión Social,c1965. axxii, 228 p. ;c20 cm.1 aBiblioteca Artigas.1 aClásicos uruguayosv93. aIncluye referencias bibliográficas.0 aBiografía - Criterio de la edición - El derecho - La Humanidad - La filosofía en la época actual - Un pedazo de Caos - El dogmatismo empírico del Dr. Jurkowski - Una cuestión de política morales - Crítica de la evolucionista moral - Dominios de la Psicología y de la moral - Programa del Aula de Filosofía del Ateneo del Uruguay, año 1878 - Programa del Aula de Filosofía del Ateneo del Uruguay, año 1897. 0aFilosofía  4aFilosofía uruguaya 0aÉtica 0aBiblioteca Artigas.pclásicos uruguayos ;v93.